Pakistan Army Green Book -2019/ (Record no. 592861)

000 -LEADER
fixed length control field 00842nam a22001337a 4500
003 - CONTROL NUMBER IDENTIFIER
control field NUST
005 - DATE AND TIME OF LATEST TRANSACTION
control field 20221230145136.0
082 ## - DEWEY DECIMAL CLASSIFICATION NUMBER
Classification number 355.309549,PAK
245 ## - TITLE STATEMENT
Title Pakistan Army Green Book -2019/
Statement of responsibility, etc. GHQ Rawalpindi
260 ## - PUBLICATION, DISTRIBUTION, ETC.
Place of publication, distribution, etc. Rawalpindi,
Name of publisher, distributor, etc. GHQ
Date of publication, distribution, etc. 2019
300 ## - PHYSICAL DESCRIPTION
Extent 192p.
505 ## - FORMATTED CONTENTS NOTE
Formatted contents note Changing Global Scenario (Page-01), The Hybrid Challenge (Page-10), Reappraisal of the principles of war (Page-30), Lawfare as an instrument of foreign policy (Page-43), Pakistan and the shifting configuration of Geo Polictics (Page-50), Impatact of EPEC on Pakistan in social (Page-62), Strategic Transformation of the Pakistan Cconomy throuth special economic zones (Page-78), Tackling Terrorism (Page-114), National Response to cyber threats (Page-168), Mineral wealth of Pakistan (Page-177), The last post (Page-190).
942 ## - ADDED ENTRY ELEMENTS (KOHA)
Source of classification or shelving scheme
Koha item type Book
Call number prefix 355.309549,PAK
Holdings
Withdrawn status Lost status Source of classification or shelving scheme Damaged status Not for loan Permanent Location Current Location Shelving location Date acquired Total Checkouts Full call number Barcode Date last seen Price effective from Koha item type Public note
          Military College of Signals (MCS) Military College of Signals (MCS) General Stacks 12/30/2022   355.309549,PAK MCS38106 12/30/2022 12/30/2022 Book Almirah No.53, Shelf No.1
© 2023 Central Library, National University of Sciences and Technology. All Rights Reserved.